María (Registro nro. 67977)
[ vista simple ]
| 000 -LÍDER | |
|---|---|
| Campo fijo de descripción fija | 00997nam a2200193 i 4500 |
| 001 - NÚMERO DE CONTROL | |
| Campo de control | 768714001 |
| 003 - IDENTIFICADOR DEL NÚMERO DE CONTROL | |
| Campo de control | CO-MdFUSB |
| 005 - FECHA Y HORA DE LA ULTIMA TRANSACCIÓN | |
| control field | 20220722150640.0 |
| 008 - ELEMENTOS DE LONGITUD FIJA -- INFORMACIÓN GENERAL | |
| Campo fijo de descripción fija -- Información general | 220722t1984 ck |||| |||| 00| 0 spa d |
| 040 ## - FUENTE DE CATALOGACIÓN | |
| Idioma de catalogación | spa |
| Agencia que realiza la transcripción | CO-MdFUSB |
| Agencia que realiza la modificación | CO-MdFUSB |
| 041 ## - CÓDIGO DE IDIOMA | |
| Código de idioma para texto/pista de sonido o título separado | spa |
| 100 ## - ASIENTO PRINCIPAL--NOMBRE PERSONAL | |
| Nombre personal | Isaacs, Jorge, |
| Término relacionador | autor |
| 245 ## - TÍTULO | |
| Título | María |
| Mención de responsabilidad | / Jorge Isaacs |
| 300 ## - DESCRIPCIÓN FÍSICA | |
| Extensión | Volumen 7, (1984) páginas 171 - 364; |
| Dimensiones | 22 cm |
| 520 ## - NOTA DE RESUMEN, ETC. | |
| Nota de sumario, etc. | Novela que narra en primera persona el amor de Efraín por su prima María, joven de quince años, enferma de un mal incurable. Efraín marcha a Inglaterra para proseguir sus estudios y a su vuelta, precipitada por la enfermedad de María, su hermana Emma le narrará los últimos instantes de la vida de la joven. En esta obra se aprecian ya algunas de las características de la futura novela hispanoamericana. |
| 650 #7 - ASIENTO SECUNDARIO DE MATERIA - TERMINO TEMÁTICO | |
| 9 (RLIN) | 2518 |
| Término temático o nombre geográfico como elemento de entrada | Literatura colombiana |
| 773 0# - ASIENTO DE ITEM FUENTE | |
| Biblionumber | 67924 |
| Itemnumber | 81146 |
| Asiento principal | Oveja Negra, |
| Otro identificador del ítem | 24696 |
| Título | Maestros de la literatura universal |
| Número de control del registro | (CO-MdFUSB)768714001 |
| International Standard Book Number | 8482806718 |
| 942 ## - TIPO DE MATERIAL (KOHA) | |
| Tipo de Item KOHA | Libros General |
No hay ítems disponibles.
